A la educación por la comunicación : (Record no. 33765)

MARC details
000 -CABECERA
campo de control de longitud fija 00600nam a2200181 a 4500
005 - FECHA Y HORA DE LA ÚLTIMA TRANSACCIÓN
campo de control 20240911064626.0
008 - ELEMENTOS DE LONGITUD FIJA--INFORMACIÓN GENERAL
campo de control de longitud fija 991125s1992 ch 000 0 spa u
035 ## - NÚMERO DE CONTROL DEL SISTEMA
Número de control de sistema UPN01000033765
049 ## - COLECCIÓN
Colección CG
050 #4 - SIGNATURA TOPOGRÁFICA DE LA BIBLIOTECA DEL CONGRESO
Número de clasificación LB1029 C7
Número de documento/Ítem K3.3
100 1# - ASIENTO PRINCIPAL--NOMBRE PERSONAL
Nombre de persona Kaplún, Mario,
Fechas asociadas al nombre 1923-1998
9 (RLIN) 28813
245 10 - MENCIÓN DE TÍTULO
Título A la educación por la comunicación :
Resto del título la práctica de la comunicación educativa /
Mención de responsabilidad, etc. Mario Kaplún.
260 ## - PUBLICACIÓN, DISTRIBUCIÓN, ETC.
Lugar de publicación, distribución, etc. Santiago de Chile :
Nombre del editor, distribuidor, etc. OREALC :
-- UNESCO,
Fecha de publicación, distribución, etc. 1992.
300 ## - DESCRIPCIÓN FÍSICA
Extensión 234 p.
650 #4 - ASIENTO SECUNDARIO DE MATERIA - TERMINO TEMATICO
Término de materia o nombre geográfico como elemento de entrada Comunicación en la educación
9 (RLIN) 1520
650 #4 - ASIENTO SECUNDARIO DE MATERIA - TERMINO TEMATICO
Término de materia o nombre geográfico como elemento de entrada Medios masivos de comunicación
9 (RLIN) 9547
905 ## - TIPO DE MATERIAL
Tipo de material Libro
Holdings
Estado de retiro Estado de pérdida Fuente del sistema de clasificación o colocación Estado dañado No para préstamo Código de colección Localización permanente Ubicación/localización actual Ubicación en estantería Fecha de adquisición Total de préstamos Clasificación Código de barras Fecha visto por última vez Número de copia Tipo de ítem Koha Renovaciones totales Fecha del último préstamo
    Library of Congress Classification   Encuadernación Colección General Bib. Gregorio Torres Quintero Bib. Gregorio Torres Quintero Planta baja 21/02/2023 25 LB1029 C7 K3.3 138627 31/12/2020 1 Libro    
    Library of Congress Classification     Colección General Bib. Gregorio Torres Quintero Bib. Gregorio Torres Quintero Planta baja 07/04/2022 30 LB1029 C7 K3.3 138629 19/02/2025 1 Libro 1 17/02/2025
    Library of Congress Classification     Colección General Bib. Gregorio Torres Quintero Bib. Gregorio Torres Quintero Planta baja 02/05/2024 35 LB1029 C7 K3.3 138628 22/05/2025 1 Libro 1 08/05/2025